Ontología

Guardado en:
Detalles Bibliográficos
Autor principal: Grenet, Paul-Bernard (Autor)
Formato: Libro
Lenguaje:español
Publicado: Barcelona Herder 1977
Colección:Curso de Filosofía Tomista, 3
Materias:
Etiquetas: Agregar Etiqueta
Sin Etiquetas, Sea el primero en etiquetar este registro!

MARC

LEADER 00000nam a2200000 a 4500
001 UCZ2717
003 CL-VaPUC
008 951005e19770000SP |||||||||||||||||spa|d
082 0 4 |a 111  |b GRE  |2 21 
100 |a Grenet, Paul-Bernard  |e author  |9 539891 
245 1 0 |a Ontología 
300 |a 298 p 
942 |c BK 
945 |d 19951005 00:00:00  |a aalvarez 
260 |a Barcelona  |b Herder  |c 1977 
600 0 |a Tomás de Aquino  |d 1220-1274  |c Santo  |9 255832 
650 0 |a Ontología   |9 256850 
583 |a last modification  |c 19951005 00:00:00  |k Rodrigo Vera 
490 0 |a Curso de Filosofía Tomista, 3 
999 |c 239274  |d 239272 
952 |0 0  |1 0  |4 0  |6 111_000000000000000_GRE_1977  |7 0  |8 A  |9 250305  |a BIBTEO  |b BIBTEO  |d 2019-11-18  |i 2020327  |o 111 GRE 1977  |p 2020327  |r 2025-01-17  |w 2019-11-18  |y BK  |k ICR 
952 |0 0  |1 0  |4 0  |6 111_000000000000000_GRE_1977  |7 0  |8 A  |9 250306  |a BIBTEO  |b BIBTEO  |d 2019-11-18  |i 2020335  |o 111 GRE 1977  |p 2020335  |r 2025-01-17  |w 2019-11-18  |y BK  |k ICR